Zukunft in der Geschichte: zu Grenzfragen der Geschichtswissenschaft und Theologie ; [... 4 Vorträge ...] ...

Saved in:  
Bibliographic Details
Main Author: Wittram, Reinhard 1902-1973 (Author)
Format: Electronic Book
Language:German
Check availability: HBZ Gateway
WorldCat: WorldCat
Interlibrary Loan:Interlibrary Loan for the Fachinformationsdienste (Specialized Information Services in Germany)
Published: Göttingen Vandenhoeck & Ruprecht 1966
In:Year: 1966
Series/Journal:Kleine Vandenhoeck-Reihe 235/236
Standardized Subjects / Keyword chains:B Historical studies / Theology
B Science of Religion
Further subjects:B Theology
B History ; Religious aspects ; Christianity
B Historia - Aspectos religiosos
B Religion
B Science of Religion
B Christianity
B History
B Historical studies
Online Access: Volltext (kostenfrei)
Volltext (kostenfrei)
Parallel Edition:Non-electronic

MARC

LEADER 00000cam a22000002c 4500
001 1652443584
003 DE-627
005 20260226225028.0
007 cr uuu---uuuuu
008 130607s1966 gw |||||o 00| ||ger c
024 7 |a urn:nbn:de:bvb:12-bsb00047674-8  |2 urn 
035 |a (DE-627)1652443584 
035 |a (DE-576)383359589 
035 |a (DE-599)BSZ383359589 
035 |a (OCoLC)00853431 
035 |a (DE-627-1)000057541 
035 |a (DE-604)BDR-BV002861124-40144 
040 |a DE-627  |b ger  |c DE-627  |e rakwb 
041 |a ger 
044 |c XA-DE 
050 0 |a BR115.H5 
082 0 |a 230 
084 |a 1  |2 ssgn 
084 |a BO 1270  |2 rvk  |0 (DE-625)rvk/13942: 
084 |a CC 8260  |2 rvk  |0 (DE-625)rvk/17702: 
084 |a NB 3300  |2 rvk  |0 (DE-625)rvk/124081: 
084 |a NB 4300  |2 rvk  |0 (DE-625)rvk/124095: 
084 |a NB 4400  |2 rvk  |0 (DE-625)rvk/124097: 
084 |a NB 5600  |2 rvk  |0 (DE-625)rvk/124140: 
100 1 |0 (DE-588)118769669  |0 (DE-627)079549233  |0 (DE-576)163603278  |4 aut  |a Wittram, Reinhard  |d 1902-1973 
109 |a Wittram, Reinhard 1902-1973  |a Wittram, R. 1902-1973 
245 1 0 |a Zukunft in der Geschichte  |b zu Grenzfragen der Geschichtswissenschaft und Theologie ; [... 4 Vorträge ...] ...  |c Reinhard Wittram 
264 1 |a Göttingen  |b Vandenhoeck & Ruprecht  |c 1966 
300 |a 101 S. 
336 |a Text  |b txt  |2 rdacontent 
337 |a Computermedien  |b c  |2 rdamedia 
338 |a Online-Ressource  |b cr  |2 rdacarrier 
490 0 |a Kleine Vandenhoeck-Reihe  |v 235/236 
500 |a Literaturverz. S. 101 
530 |a Volltext // 2010 digitalisiert von: Bayerische Staatsbibliothek, München. Exemplar der Bayerischen Staatsbibliothek mit der Signatur: Z 65.262-235/236 
533 |a Online-Ausg.  |b München  |c Bayerische Staatsbibliothek  |d 2010  |e Online-Ressource  |n Volltext // 2010 digitalisiert von: Bayerische Staatsbibliothek, München. Exemplar der Bayerischen Staatsbibliothek mit der Signatur: Z 65.262-235/236  |7 |2010|||||||||| 
583 1 |a Archivierung/Langzeitarchivierung gewährleistet  |f SSG  |x XA-DE-BW  |2 pdager  |5 DE-21 
601 |a Zukunft 
601 |a Geschichte 
601 |a Vortrag 
650 4 |a Historia - Aspectos religiosos 
650 4 |a Christentum 
650 4 |a Geschichte 
650 4 |a Religion 
650 4 |a History ; Religious aspects ; Christianity 
650 4 |a Theologie 
650 4 |a Religionswissenschaft 
650 4 |a Geschichtswissenschaft 
689 0 0 |d s  |0 (DE-588)4020535-6  |0 (DE-627)106317679  |0 (DE-576)208933794  |2 gnd  |a Geschichtswissenschaft 
689 0 1 |d s  |0 (DE-588)4059758-1  |0 (DE-627)104131446  |0 (DE-576)209132159  |2 gnd  |a Theologie 
689 0 |5 (DE-627) 
689 1 0 |d s  |0 (DE-588)4049426-3  |0 (DE-627)106187058  |0 (DE-576)209082003  |2 gnd  |a Religionswissenschaft 
689 1 |5 (DE-627) 
776 0 8 |i Erscheint auch als  |n Druck-Ausgabe  |a Wittram, Reinhard, 1902 - 1973  |t Zukunft in der Geschichte  |d Göttingen : Vandenhoeck & Ruprecht, 1966  |h 101 S.  |w (DE-627)1072245116  |w (DE-576)002245116  |k Non-Electronic 
856 4 0 |u http://mdz-nbn-resolving.de/urn:nbn:de:bvb:12-bsb00047674-8  |m X:DE-12  |x Resolving-System  |z kostenfrei  |7 0 
856 4 0 |u https://nbn-resolving.org/urn:nbn:de:bvb:12-bsb00047674-8  |m X:DE-12  |x Resolving-System  |z kostenfrei  |7 0 
912 |a ZDB-57-DVR 
936 r v |a BO 1270  |b Einführung in das Studium der Patrologie und Kirchengeschichte, Methodologie  |k Theologie und Religionswissenschaften  |k Patrologie und Kirchengeschichte  |k Studium der Kirchengeschichte und Historiographie  |k Einführung in das Studium der Patrologie und Kirchengeschichte, Methodologie  |0 (DE-627)1270743392  |0 (DE-625)rvk/13942:  |0 (DE-576)200743392 
936 r v |a CC 8260  |b Fortschritt, Futurologie  |k Philosophie  |k Systematische Philosophie  |k Geschichts- und Kulturphilosophie  |k Fortschritt, Futurologie  |0 (DE-627)1270639285  |0 (DE-625)rvk/17702:  |0 (DE-576)200639285 
936 r v |a NB 3300  |b Einzelbeiträge  |k Geschichte  |k Geschichte als Wissenschaft und Unterrichtsfach  |k Geschichtsphilosophie  |k Einzelbeiträge  |0 (DE-627)1271444232  |0 (DE-625)rvk/124081:  |0 (DE-576)201444232 
936 r v |a NB 4300  |b Geschichtsphilosophie vom 19. Jahrhundert bis zur Gegenwart  |k Geschichte  |k Geschichte als Wissenschaft und Unterrichtsfach  |k Geschichtsphilosophie  |k Das Geschichtsdenken einzelner Zeiträume  |k Neuzeit  |k Geschichtsphilosophie vom 19. Jahrhundert bis zur Gegenwart  |0 (DE-627)1271143534  |0 (DE-625)rvk/124095:  |0 (DE-576)201143534 
936 r v |a NB 4400  |b Christliche Geschichtsauffassung (Geschichtstheologie)  |k Geschichte  |k Geschichte als Wissenschaft und Unterrichtsfach  |k Geschichtsphilosophie  |k Besondere Geschichtsauffassungen  |k Christliche Geschichtsauffassung (Geschichtstheologie)  |0 (DE-627)127144433X  |0 (DE-625)rvk/124097:  |0 (DE-576)20144433X 
936 r v |a NB 5600  |b Geschichtsschreibung historischer Zweigwissenschaften; Oral history  |k Geschichte  |k Geschichte als Wissenschaft und Unterrichtsfach  |k Geschichte der Geschichtsschreibung und der Geschichtswissenschaft  |k Geschichtsschreibung einzelner Zeiten und Völker  |k Geschichtsschreibung historischer Zweigwissenschaften; Oral history  |0 (DE-627)1271444526  |0 (DE-625)rvk/124140:  |0 (DE-576)201444526 
936 s n |a n100  |2 mzub 
936 s n |a b100  |2 mzub 
936 s n |a c100  |2 mzub 
951 |a BO 
ELC |a 1 
ITA |a 1  |t 1 
LOK |0 000 xxxxxcx a22 zn 4500 
LOK |0 001 3360282140 
LOK |0 003 DE-627 
LOK |0 004 1652443584 
LOK |0 005 20130607141811 
LOK |0 008 130607||||||||||||||||ger||||||| 
LOK |0 040   |a DE-21  |c DE-627  |d DE-21 
LOK |0 689   |a s  |a eBook-Vandenhoeck-Digi20 
LOK |0 852   |a DE-21 
LOK |0 852 1  |m n  |9 00 
LOK |0 935   |a fbok 
LOK |0 938   |k n 
LOK |0 939   |a 25-07-90  |b l01 
OAS |a 1 
ORI |a TA-MARC-ixtheoa001.raw 
REF |a Religionsgeschichte,Theologiegeschichte 
STA 0 0 |a Christianity,Christian world view,World view,Christian ideology,Historical studies,Historical science,History,History,History,History,History in art,Religion,Religions,Religion,Religion in literature,Science of Religion,Religious studies,Religionswissenschaft,Religions,Theology,Theology 
STB 0 0 |a Christianisme,Christianisme,Histoire,Histoire,Histoire,Histoire,Science historique,Science historique,Histoire,Religion,Religions,Religion,Science des religions,Théologie,Théologie 
STC 0 0 |a Ciencias de la religión,Ciencias históricas,Historia,Cristianismo,Cristianismo,Cristiandad,Cristiandad,Cristiandad (Motivo),Cristiandad,Historia,Historia,Historia,Religión,Religión,Religión,Teología,Teología 
STD 0 0 |a Cristianesimo,Cristianesimo,Religione,Religione,Religione,Scienze religiose,Storia <disciplina>,Scienze storiche,Scienze storiche,Storia,Storia,Teologia,Teologia 
STE 0 0 |a 历史,史,史学史,史学,基督教,基督教,基督教世界观,宗教,宗教,宗教学,神学家 
STF 0 0 |a 史學史,史學,基督教,基督教,基督教世界觀,宗教,宗教,宗教學,歷史,史,神學家 
STG 0 0 |a Ciências da religião,Ciências históricas,Cristianismo,Cristianismo,Cristandade,Cristandade,Cristandade (Motivo),Cristandade,História,História,Religião,Religião,Teologia,Teologia 
STH 0 0 |a Богословие (мотив),Богословие,Историческая наука,История (мотив),История,Религиоведение,Религия (мотив),Религия,Христианство (мотив),Христианство 
STI 0 0 |a Επιστήμη της ιστορίας,Θεολογία (μοτίβο),Θεολογία,Θρησκεία (μοτίβο),Θρησκεία,Θρησκειολογία,Ιστορία (μοτίβο),Ιστορία,Χριστιανισμός (μοτίβο),Χριστιανισμός 
SYE 0 0 |a Christianity,Christliche Mission,Missionierung,Christenheit,Christianitas,Christliche Religion,Christliche Weltanschauung , History,Geschichtliche Epoche,Historical development,Historische Entwicklung,Landesgeschichte,Regionalgeschichte,Ortsgeschichte,Zeitgeschichte , Religion,Mystik,Mythologie , Christliche Theologie , Religious studies,Religionsphilosophie,Scholasticism,Scholastik,Theologie,Theology,Religionsforschung , Geschichtsforschung,Geschichte 
SYG 0 0 |a Geschichtsforschung,Geschichte , Christliche Theologie , Religious studies,Religionsphilosophie,Scholasticism,Scholastik,Theologie,Theology,Religionsforschung